header

The ethics of cyberspace (Record no. 1898)

MARC details
000 -LEADER
fixed length control field 01375nam a2200349Ia 4500
100 1# - MAIN ENTRY--AUTHOR NAME
Personal name Hamelink, Cees J.,
245 14 - TITLE STATEMENT
Title The ethics of cyberspace
260 ## - PUBLICATION, DISTRIBUTION, ETC. (IMPRINT)
Place of publication London ;
-- Thousand Oaks, Calif. :
Name of publisher SAGE,
Year of publication 2000.
300 ## - PHYSICAL DESCRIPTION
Number of Pages xi, 207 p.
650 #0 - SUBJECT ADDED ENTRY--TOPICAL TERM
Topical Term Computers
Topical Term Computers and civilization.
Topical Term Cyberspace
Topical Term Information superhighway
Topical Term Information technology
856 40 - ELECTRONIC LOCATION AND ACCESS
Uniform Resource Identifier http://site.ebrary.com/lib/rucke/Doc?id=10285251

No items available.

© 2026 Rongo University
Contact us: librarian | system librarian | Rongo university